| 000 | 00680cab a2200229 4500 | ||
|---|---|---|---|
| 001 | ABS38855 | ||
| 008 | 090401t1988 xxu||||| |||| 00| 0 eng d | ||
| 035 | _a(Sirsi) u12810 | ||
| 041 | _aeng | ||
| 100 | _aDenham, M. | ||
| 245 | 4 | _aThe 1990 rating revolution | |
| 260 | _c1988 | ||
| 350 | _a0 | ||
| 490 |
_aPerspectives _vFebruary/March 1988, 16-17(2) |
||
| 520 | _aDiscusses the potential impact of the revaluation and uniform business rate on the rental values of retail and office property. | ||
| 650 | _aNATIONAL NON DOMESTIC RATE | ||
| 650 | _aRATING REFORM | ||
| 650 | _aRENT RETURN FORMS | ||
| 690 | _aRATING AND VALUATION | ||
| 942 | _n0 | ||
| 948 | _c04/03/1997 | ||
| 999 |
_c8211 _d8211 |
||